000 00617nam a22002297a 4500
003 UA-OsUOA
001 79115
007 ta
008 20111103b un ||||| |||| 00| 0 ukr d
100 _aСутула О.
700 _aТригуб І.
090 _a82
_bС90
942 _cSA
040 _aUA-OsUOA
_bukr
_cUA-OsUOA
_dUA-OsUOA
245 _aОрієнтовне планування уроків світової літератури
300 _aС.48-61
955 _a0
041 _aukr
080 _a82
773 0 _w79110
650 7 _a82 Література. Літературознавство
_2UDC
999 _c365434
_d365434